<?xml version="1.0" encoding="UTF-8"?>
<collection xmlns="http://www.loc.gov/MARC21/slim">
 <record>
  <leader>00523pamaa2200169   4500</leader>
  <controlfield tag="001">0000036910</controlfield>
  <controlfield tag="005">20151022090000.0</controlfield>
  <datafield tag="020" ind1="0" ind2="0">
   <subfield code="a">9676902713 </subfield>
  </datafield>
  <datafield tag="082" ind1=" " ind2=" ">
   <subfield code="a">297.14 DAL 2003</subfield>
  </datafield>
  <datafield tag="090" ind1="0" ind2="0">
   <subfield code="a">BP158.M3 </subfield>
   <subfield code="b">DAL 2003</subfield>
  </datafield>
  <datafield tag="100" ind1="1" ind2="0">
   <subfield code="a">DALY </subfield>
  </datafield>
  <datafield tag="245" ind1="1" ind2="0">
   <subfield code="a">Hukum Perkahwinan Islam : </subfield>
   <subfield code="b">satu studi perbandingan dalam kalangan ahlus-sunnah dan negara-negara Islam  </subfield>
   <subfield code="c">Peunoh Daly.</subfield>
  </datafield>
  <datafield tag="260" ind1="0" ind2="0">
   <subfield code="a">Batu Caves: </subfield>
   <subfield code="b">Thinker's Library, </subfield>
   <subfield code="c">2003.</subfield>
  </datafield>
  <datafield tag="300" ind1=" " ind2=" ">
   <subfield code="a">x, 458p.; </subfield>
   <subfield code="c">21 cm.</subfield>
  </datafield>
  <datafield tag="501" ind1="0" ind2="0">
   <subfield code="a">LAN</subfield>
  </datafield>
  <datafield tag="650" ind1="0" ind2="0">
   <subfield code="a">Marriage (Islamic Law) </subfield>
  </datafield>
  <datafield tag="650" ind1="0" ind2="0">
   <subfield code="a">Marriage -- </subfield>
   <subfield code="x">Islamic </subfield>
  </datafield>
 </record>
</collection>
